| 000 | 00786nam a2200193 i 4500 | ||
|---|---|---|---|
| 001 | 156358 | ||
| 003 | ES-MaACL | ||
| 005 | 20250814031826.0 | ||
| 008 | 040728s1869 sp |||| | spa d | ||
| 040 |
_aCAM _bspa _cCAM |
||
| 245 | 0 | 0 |
_aFisiología de la naturaleza / _cescrita en francés y traducida al castellano por Antonio Jiménez y Serrano. |
| 260 |
_aMadrid : _b[s.n.], _c1869 ( _fImprenta Médica de Manuel Alvarez) |
||
| 300 |
_a92 p. ; _c22 cm. |
||
| 650 | 4 |
_aFisiología. _9136120 |
|
| 650 | 0 | 7 |
_aCiencias naturales _2embne _910984 |
| 700 | 1 |
_aJimenez Serrano, Antonio. _9128304 |
|
| 852 |
_aES-MaACL _jT-625-F-2 _z-- Enc. hol., falto de la cub. original _z-- An. ms.: ded. del autor al Ateneo de Madrid _z-- Enc. en un vol. facticio |
||
| 999 |
_c156358 _d156358 |
||